[Event "Teusaquillo Rapid op"]
[Site "Teusaquillo"]
[Date "2023.03.05"]
[Round "8"]
[White "Leal Cortes, Diego Fernando"]
[Black "Ceballos, Julio Cesar"]
[Result "1/2-1/2"]
[WhiteElo "1818"]
[BlackElo "1725"]
[PlyCount "129"]
[EventDate "2023.03.04"]
[EventType "swiss (rapid)"]
[EventRounds "9"]
[EventCountry "COL"]
[SourceTitle "CBM 213 Extra"]
[Source "ChessBase"]
[SourceDate "2023.05.31"]
[SourceVersion "1"]
[SourceVersionDate "2023.05.31"]
[SourceQuality "1"]

1. e4 g6 2. d4 Bg7 3. Nc3 c5 4. Nf3 cxd4 5. Nxd4 Nc6 6. Nxc6 bxc6 7. Bc4 Qc7 8. Qe2 d6 9. 0-0 Nf6 10. f4 0-0 11. Kh1 Nxe4 12. Qxe4 d5 13. Bxd5 Bf5 14. Qc4 Rac8 15. Be4 Be6 16. Qe2 f5 17. Bd3 Bf7 18. Be3 e5 19. Bc4 Rfe8 20. Bxf7+ Qxf7 21. Qf2 Qc4 22. Rad1 Rb8 23. fxe5 Rxb2 24. Rd3 Bxe5 25. Bd4 Qxd3 26. cxd3 Rxf2 27. Bxf2 Bxc3 28. g3 Re2 29. Bxa7 Rxa2 30. Bc5 Ra1 31. Rxa1 Bxa1 32. Kg2 Kf7 33. Kf3 Ke6 34. Ke3 Be5 35. d4 Bd6 36. Bb6 Kd5 37. Bd8 c5 38. dxc5 Bxc5+ 39. Kf3 Ke5 40. h3 Bb4 41. Bc7+ Bd6 42. Bd8 Bb4 43. Bc7+ Kf6 44. g4 fxg4+ 45. hxg4 Be7 46. Bb8 Ke6 47. Ba7 Bg5 48. Bb8 Bc1 49. Ke4 Bd2 50. Bc7 Be1 51. Bb8 Bc3 52. Ba7 Kf6 53. Be3 Be1 54. Bf4 Bf2 55. Bd2 Bg3 56. Kf3 Be5 57. Ke4 Bc7 58. Be3 Bg3 59. Kf3 Bh4 60. Ke4 Ke6 61. Bf4 Bf6 62. Be3 Bb2 63. Bh6 Ba3 64. Be3 Be7 65. Bf4 1/2-1/2

[Event "Soacha op-B"]
[Site "Soacha"]
[Date "2021.09.12"]
[Round "9"]
[White "Gomez Leon, Nicolas"]
[Black "Ceballos, Julio Cesar"]
[Result "0-1"]
[WhiteElo "1417"]
[BlackElo "1737"]
[PlyCount "86"]
[EventDate "2021.09.08"]
[EventType "swiss"]
[EventRounds "9"]
[EventCountry "COL"]
[SourceTitle "CBM 204 Extra"]
[Source "ChessBase"]
[SourceDate "2021.11.30"]
[SourceVersion "1"]
[SourceVersionDate "2021.11.30"]
[SourceQuality "1"]

1. d4 Nf6 2. Nf3 g6 3. Bg5 Bg7 4. c3 0-0 5. Nbd2 d6 6. e4 c5 7. Qb3 cxd4 8. cxd4 Qc7 9. Bd3 Be6 10. d5 Bg4 11. 0-0 Bxf3 12. Nxf3 Nbd7 13. Rac1 Nc5 14. Qa3 Qd7 15. e5 Nxd5 16. exd6 exd6 17. Bc4 Nb6 18. Rfd1 Nxc4 19. Qxc5 Rfc8 20. Qd5 Nxb2 21. Qxd6 Rxc1 22. Bxc1 Qa4 23. Bxb2 Bxb2 24. Qd7 Qxd7 25. Rxd7 b5 26. g3 h6 27. Rb7 a6 28. g4 Bc3 29. Kg2 b4 30. h4 Re8 31. Ra7 a5 32. Kg3 Rb8 33. g5 h5 34. Ng1 b3 35. axb3 Rxb3 36. Kg2 Rb2 37. Kf3 Rxf2+ 38. Kxf2 Bd4+ 39. Kf3 Bxa7 40. Ne2 a4 41. Nc3 a3 42. Na2 Kg7 43. Kf4 Bf2 0-1

[Event "COL-ch sf 2nd"]
[Site "Tunja"]
[Date "2018.04.20"]
[Round "7"]
[White "Suarez Ardila, Luisa Maria"]
[Black "Ceballos, Julio Cesar"]
[Result "0-1"]
[WhiteElo "1418"]
[BlackElo "1757"]
[PlyCount "54"]
[EventDate "2018.04.17"]
[EventType "swiss"]
[EventRounds "10"]
[EventCountry "COL"]
[SourceTitle "CBM 184 Extra"]
[Source "ChessBase"]
[SourceDate "2018.06.28"]
[SourceVersion "1"]
[SourceVersionDate "2018.06.28"]
[SourceQuality "1"]

1. e4 g6 2. Nf3 Bg7 3. d4 d6 4. Nc3 Nf6 5. Bf4 0-0 6. Qd2 c5 7. 0-0-0 Nc6 8. d5 Nb4 9. a3 Qa5 10. Kb1 Na6 11. h4 Bg4 12. Be2 Rab8 13. Qd3 c4 14. Qxc4 b5 15. Qd3 Nc5 16. Qe3 b4 17. axb4 Qxb4 18. Nb5 Nxd5 19. Qa3 Qxa3 20. Nxa3 Rxb2+ 21. Kc1 Nxf4 22. Rd2 Rfb8 23. Nd4 Bxd4 24. Bxg4 Bc3 25. Rdd1 Ra2 26. Nb1 Rxb1+ 27. Kxb1 Ra1# 0-1

[Event "Medellin Luces Cup"]
[Site "Medellin"]
[Date "2017.12.21"]
[Round "7"]
[White "Rojas Mendoza, Joun Sun"]
[Black "Ceballos, Julio Cesar"]
[Result "0-1"]
[WhiteElo "1513"]
[BlackElo "1731"]
[PlyCount "38"]
[EventDate "2017.12.18"]
[EventType "swiss"]
[EventRounds "7"]
[EventCountry "COL"]
[SourceTitle "CBM 182 Extra"]
[Source "ChessBase"]
[SourceDate "2018.02.23"]
[SourceVersion "1"]
[SourceVersionDate "2018.02.23"]
[SourceQuality "1"]

1. d4 Nf6 2. Bf4 g6 3. e3 Bg7 4. Nf3 0-0 5. Be2 d6 6. 0-0 c5 7. c3 Qb6 8. b3 Nc6 9. h3 Be6 10. Bh2 Rac8 11. Na3 Qa5 12. Nb1 b5 13. c4 bxc4 14. bxc4 cxd4 15. Nh4 dxe3 16. Bf4 Ne4 17. Kh1 Nxf2+ 18. Rxf2 exf2 19. Qf1 Bxa1 0-1

[Event "Tunja Liga Boyaca"]
[Site "Tunja"]
[Date "2017.12.15"]
[Round "3.27"]
[White "Carmona Pineda, Elkin Yesid"]
[Black "Ceballos, Julio Cesar"]
[Result "0-1"]
[WhiteElo "1596"]
[BlackElo "1731"]
[PlyCount "92"]
[EventDate "2017.12.14"]
[EventType "swiss"]
[EventRounds "7"]
[EventCountry "COL"]
[SourceTitle "EXT 2024"]
[Source "ChessBase"]
[SourceDate "2023.10.10"]
[SourceVersion "1"]
[SourceVersionDate "2023.10.10"]
[SourceQuality "1"]

1. d4 Nf6 2. Bf4 g6 3. e3 Bg7 4. h3 c5 5. c3 Qb6 6. Qb3 Qa5 7. Nd2 cxd4 8. Nc4 Qd8 9. cxd4 0-0 10. Nf3 d6 11. Rd1 Nc6 12. d5 Na5 13. Qc3 Nxc4 14. Qxc4 Bd7 15. Qb3 Qa5+ 16. Nd2 Nxd5 17. Bg3 Ba4 18. Qa3 Nb4 19. Rc1 Rfc8 20. Bc4 d5 21. b3 dxc4 22. 0-0 c3 23. Nc4 Rxc4 24. bxc4 Nc6 25. Bc7 Qxc7 26. Qxa4 Na5 27. Rfd1 b6 28. Rd5 Nxc4 29. Rd7 Qc5 30. Rxa7 Rxa7 31. Qxa7 Bf6 32. a4 Nxe3 33. a5 Qg5 34. Qa8+ Kg7 35. Re1 Nxg2 36. Qxg2 Qxa5 37. Qe4 Qg5+ 38. Kh1 Qd2 39. Re2 Qd1+ 40. Kg2 Qd6 41. Qc4 e6 42. f3 Qd5 43. Re4 b5 44. Qxd5 exd5 45. Re1 d4 46. Kf1 d3 0-1

[Event "COL-ch Amateur U2000"]
[Site "Bogota"]
[Date "2017.03.05"]
[Round "6"]
[White "Esquivia Cuadrado, Andres"]
[Black "Ceballos, Julio Cesar"]
[Result "0-1"]
[WhiteElo "1725"]
[BlackElo "1749"]
[PlyCount "66"]
[EventDate "2017.03.02"]
[EventType "swiss"]
[EventRounds "7"]
[EventCountry "COL"]
[SourceTitle "CBM 177 Extra"]
[Source "ChessBase"]
[SourceDate "2017.04.27"]
[SourceVersion "1"]
[SourceVersionDate "2017.04.27"]
[SourceQuality "1"]

1. Nf3 Nf6 2. g3 g6 3. Bg2 Bg7 4. 0-0 0-0 5. d3 d6 6. c4 c5 7. Nc3 Nc6 8. a3 Rb8 9. Bg5 Be6 10. Rb1 Qd7 11. Qc2 Bh3 12. b4 Bxg2 13. Kxg2 h6 14. Bxf6 Bxf6 15. Ne4 b6 16. Nxf6+ exf6 17. Qd2 Kg7 18. d4 Qf5 19. Rfd1 Rfe8 20. Kg1 Re4 21. dxc5 dxc5 22. Qa2 Rbe8 23. Rd2 Rxe2 24. Rxe2 Rxe2 25. Qxe2 Qxb1+ 26. Kg2 cxb4 27. Qe8 bxa3 28. Qxc6 a2 29. Nd4 a1Q 30. Ne6+ Kh7 31. Nf8+ Kg8 32. Qe8 Qf1+ 33. Kf3 Qad1+ 0-1

[Event "COL-ch Amateur U2000"]
[Site "Bogota"]
[Date "2017.03.03"]
[Round "2"]
[White "Guerrero, Hernando"]
[Black "Ceballos, Julio Cesar"]
[Result "1-0"]
[WhiteElo "1892"]
[BlackElo "1749"]
[PlyCount "45"]
[EventDate "2017.03.02"]
[EventType "swiss"]
[EventRounds "7"]
[EventCountry "COL"]
[SourceTitle "CBM 177 Extra"]
[Source "ChessBase"]
[SourceDate "2017.04.27"]
[SourceVersion "1"]
[SourceVersionDate "2017.04.27"]
[SourceQuality "1"]

1. e4 g6 2. d4 Bg7 3. Nf3 d6 4. Nc3 Nf6 5. Bd3 0-0 6. Be3 Nbd7 7. 0-0 e5 8. dxe5 Nxe5 9. Nxe5 dxe5 10. Qe2 Be6 11. h3 c6 12. a3 Nh5 13. Qd2 f5 14. exf5 gxf5 15. Be2 Qe8 16. Bh6 Rd8 17. Qg5 Qg6 18. Qxh5 Bxh6 19. Rfd1 Bd2 20. Nb1 Ba5 21. Qh4 Rxd1+ 22. Bxd1 Bd5 23. f3 1-0

[Event "Bogota Navidad op"]
[Site "Bogota"]
[Date "2016.12.10"]
[Round "7"]
[White "Guzman, Pedro Juan"]
[Black "Ceballos, Julio Cesar"]
[Result "1-0"]
[WhiteElo "1924"]
[BlackElo "1693"]
[PlyCount "64"]
[EventDate "2016.12.07"]
[EventType "swiss"]
[EventRounds "9"]
[EventCountry "COL"]
[SourceTitle "CBM 176 Extra"]
[Source "ChessBase"]
[SourceDate "2017.03.02"]
[SourceVersion "1"]
[SourceVersionDate "2017.03.02"]
[SourceQuality "1"]

1. e4 g6 2. d4 c5 3. Nf3 cxd4 4. Nxd4 Bg7 5. Nc3 Nc6 6. Nxc6 bxc6 7. Bd2 Nf6 8. Bd3 0-0 9. 0-0 Qc7 10. h3 d5 11. Rb1 Bb7 12. exd5 cxd5 13. Nb5 Qd7 14. Qe2 a6 15. Nc3 e5 16. Qxe5 Ne4 17. Qf4 f5 18. Bxe4 fxe4 19. Qg4 Qc6 20. Bf4 d4 21. Ne2 h5 22. Qg3 d3 23. Nc3 Rxf4 24. Qxf4 dxc2 25. Rbc1 e3 26. f3 Qb6 27. Qc4+ Kh8 28. Qb3 Qa7 29. Ne2 Bc6 30. Rxc2 Bb5 31. Re1 Rd8 32. Qe6 Rd2 1-0

[Event "Bogota Navidad op"]
[Site "Bogota"]
[Date "2016.12.09"]
[Round "5"]
[White "Cuesta Cifuentes, Jair Alfonso"]
[Black "Ceballos, Julio Cesar"]
[Result "0-1"]
[WhiteElo "1873"]
[BlackElo "1693"]
[PlyCount "84"]
[EventDate "2016.12.07"]
[EventType "swiss"]
[EventRounds "9"]
[EventCountry "COL"]
[SourceTitle "CBM 176 Extra"]
[Source "ChessBase"]
[SourceDate "2017.03.02"]
[SourceVersion "1"]
[SourceVersionDate "2017.03.02"]
[SourceQuality "1"]

1. e4 g6 2. d4 c5 3. dxc5 Bg7 4. c3 Qc7 5. Nf3 Nc6 6. Na3 a6 7. Nc4 Nf6 8. Bd3 0-0 9. 0-0 Nd8 10. Nb6 Rb8 11. Be3 Ne6 12. b4 Ng4 13. Bd2 d6 14. Nd5 Qd8 15. h3 Nf6 16. cxd6 Qxd6 17. Qb3 b5 18. Rad1 Bb7 19. c4 bxc4 20. Nxf6+ exf6 21. Bxc4 Bxe4 22. Bxa6 Qxa6 23. a3 Ra8 24. Bc1 Rfc8 25. Ne1 Bc6 26. Rd6 Qb7 27. f4 f5 28. Nf3 Bxf3 29. gxf3 Rd8 30. Rxd8+ Rxd8 31. Kg2 Qc7 32. Rd1 Rxd1 33. Qxd1 Nxf4+ 34. Bxf4 Qxf4 35. Qd8+ Bf8 36. b5 Qc1 37. a4 Qc2+ 38. Kg3 Qxa4 39. b6 Qb5 40. Qc7 Qb4 41. Qa7 Bd6+ 42. Kg2 Qd2+ 0-1

[Event "COL sub zt 2.3.4"]
[Site "La Dorada"]
[Date "2016.11.03"]
[Round "3"]
[White "Ceballos, Julio Cesar"]
[Black "Medina Coneo, Arlintong"]
[Result "1/2-1/2"]
[WhiteElo "1789"]
[BlackElo "1728"]
[PlyCount "36"]
[EventDate "2016.11.02"]
[EventType "swiss"]
[EventRounds "9"]
[EventCountry "COL"]
[SourceTitle "CBM 175 Extra"]
[Source "ChessBase"]
[SourceDate "2016.12.12"]
[SourceVersion "1"]
[SourceVersionDate "2016.12.12"]
[SourceQuality "1"]

1. e4 c5 2. Nf3 e6 3. d4 cxd4 4. c3 dxc3 5. Bc4 a6 6. Nxc3 b5 7. Bb3 Bb7 8. Qe2 Nc6 9. 0-0 Bc5 10. Bf4 Nd4 11. Nxd4 Bxd4 12. Bd6 e5 13. Nd5 Bxd5 14. Bxd5 Ra7 15. Rac1 Ne7 16. Bxe7 Kxe7 17. Qh5 g6 18. Qh6 Qf8 1/2-1/2

[Event "COL sub zt 2.3.4"]
[Site "La Dorada"]
[Date "2016.11.03"]
[Round "2"]
[White "Salcedo, Juan Carlos"]
[Black "Ceballos, Julio Cesar"]
[Result "1-0"]
[WhiteElo "1987"]
[BlackElo "1789"]
[PlyCount "69"]
[EventDate "2016.11.02"]
[EventType "swiss"]
[EventRounds "9"]
[EventCountry "COL"]
[SourceTitle "CBM 175 Extra"]
[Source "ChessBase"]
[SourceDate "2016.12.12"]
[SourceVersion "1"]
[SourceVersionDate "2016.12.12"]
[SourceQuality "1"]

1. d4 c5 2. Nf3 cxd4 3. Nxd4 Nf6 4. g3 g6 5. Bg2 Bg7 6. 0-0 Nc6 7. c4 0-0 8. Nc3 Nxd4 9. Qxd4 d6 10. Bg5 Qa5 11. Qd2 Qc5 12. Rfc1 Re8 13. h3 Bd7 14. Rab1 Bc6 15. b4 Qf5 16. g4 Qe6 17. f3 b6 18. e4 Rac8 19. Ne2 Bb7 20. Nd4 Qd7 21. Bf1 h5 22. Be3 hxg4 23. hxg4 Nxg4 24. fxg4 Bxe4 25. Be2 Bxb1 26. Rxb1 Be5 27. Rf1 Kg7 28. Bh6+ Kh7 29. Rxf7+ Kg8 30. Rf2 Bg7 31. Bxg7 Kxg7 32. Nf5+ Kg8 33. Qh6 gxf5 34. Qg6+ Kf8 35. Rxf5+ 1-0

[Event "Bogota IRT Clasico Lab op"]
[Site "Bogota"]
[Date "2015.11.21"]
[Round "2.6"]
[White "Garvin, Ricardo Luis"]
[Black "Ceballos, Julio Cesar"]
[Result "1/2-1/2"]
[WhiteElo "1660"]
[BlackElo "1749"]
[PlyCount "37"]
[EventDate "2015.11.20"]
[EventType "swiss"]
[EventRounds "6"]
[EventCountry "COL"]
[SourceTitle "EXT 2024"]
[Source "ChessBase"]
[SourceDate "2023.10.10"]
[SourceVersion "1"]
[SourceVersionDate "2023.10.10"]
[SourceQuality "1"]

1. e4 g6 2. d4 c5 3. d5 d6 4. Nf3 Bg7 5. Bb5+ Bd7 6. Be2 b5 7. 0-0 Nf6 8. e5 Ng4 9. exd6 exd6 10. Nc3 0-0 11. Nxb5 Bxb5 12. Bxb5 Qb6 13. c4 a6 14. Ba4 Ra7 15. Rb1 Nd7 16. Bxd7 Rxd7 17. h3 Ne5 18. Nxe5 Bxe5 19. b4 1/2-1/2

[Event "Bogota Distrital-ch 77th"]
[Site "Bogota"]
[Date "2015.05.02"]
[Round "4"]
[White "Bautista Chiquillo, Leidy Johanna"]
[Black "Ceballos, Julio Cesar"]
[Result "0-1"]
[WhiteElo "1567"]
[BlackElo "1661"]
[PlyCount "52"]
[EventDate "2015.04.30"]
[EventType "swiss"]
[EventRounds "7"]
[EventCountry "COL"]
[SourceTitle "CBM 166 Extra"]
[Source "ChessBase"]
[SourceDate "2015.06.18"]
[SourceVersion "1"]
[SourceVersionDate "2015.06.18"]
[SourceQuality "1"]

1. b3 e5 2. Bb2 Nc6 3. e3 Nf6 4. Bb5 e4 5. d3 Bb4+ 6. Nc3 Nd5 7. Nge2 Qg5 8. 0-0 Nxc3 9. Nxc3 Bxc3 10. Bxc3 Qxb5 11. Bxg7 Rg8 12. Bb2 Qg5 13. g3 d6 14. dxe4 Bh3 15. Re1 Qg6 16. Qf3 0-0-0 17. Qf4 f5 18. e5 dxe5 19. Bxe5 Nxe5 20. Qxe5 Qc6 21. e4 Rde8 22. Qf4 fxe4 23. Qh4 Bg4 24. Qxh7 Rh8 25. Qg7 Qe6 26. Re3 Bf3 0-1